Word Ladder: Clarinet Quiz Stats

 Plays Quiz Updated Jul 11, 2019

Score 0/19 Timer 03:00
3 Plays Today
Hint Word % Correct
[Rung 1][Rung19]: clarinet's family
OR tree material
* WOOD *
97.1%
Robin or Red Riding, for exampleHOOD
96.9%
Clutch, graspHOLD
96%
A skeleton has 206 of theseBONE
95.9%
Covering these changes a clarinet's pitch
OR Alice went down a rabbit's
* HOLE *
95.6%
Spy portrayed by Brosnan and Connery, to name a fewBOND
94.8%
River curveBEND
94.3%
'And then there were ____'NONE
94%
Transmit a messageSEND
93.9%
[Rung 1][Rung19]: clarinet's family
OR air movement
* WIND *
92.6%
Hint Word % Correct
An instrument's particular sound
OR the attitude of a piece of writing
* TONE *
92.3%
Refine or perfect a skillHONE
92.2%
Fix, repairMEND
92%
Baby plantSEED
89.8%
A terrible thing to waste?MIND
89.8%
Large handbagTOTE
89%
Pitch on a staff
OR to record an observation
* NOTE *
88.9%
Tear into piecesREND
85.3%
Rico or Vandoren produces them
OR Willis of the New York Knicks
* REED *
83.5%

Today's Daily Dose

Missing Word
Sherlocks

Word Ladder
King of the Hill

Quick Pick
Songs in Pink

Get the Picture
NBA Teammates

You're not logged in!

Compare scores with friends on all Sporcle quizzes.
OR
Log In

Sporcle TV

Today on Sporcle TV


Watch our educational content, quiz creation guides, and fun videos on Sporcle TV.

Show Comments

Extras

Top Quizzes Today


Score Distribution

Your Account Isn't Verified!

In order to create a playlist on Sporcle, you need to verify the email address you used during registration. Go to your Sporcle Settings to finish the process.

Report this User

Report this user for behavior that violates our Community Guidelines.

Details: